Central bank policy in a more perfect financial system
Salvato in:
| Autore principale: | |
|---|---|
| Altri autori: | |
| Natura: | Libro |
| Lingua: | inglese |
| Pubblicazione: |
Bonn
Zentrum für Europäische Integrationsforschung
1998
|
| Serie: | Policy paper
B98-03 |
| Soggetti: | |
| Tags: |
Nessun Tag, puoi essere il primo ad aggiungerne!!
|
MARC
| LEADER | 00000nam a2200000 4500 | ||
|---|---|---|---|
| 001 | c132442 | ||
| 005 | 20221109093240.4 | ||
| 041 | 0 | |a eng | |
| 044 | |a DE | ||
| 245 | 1 | 0 | |a Central bank policy in a more perfect financial system |c Jürgen von Hagen, Ingo Fender |
| 264 | 1 | |a Bonn |b Zentrum für Europäische Integrationsforschung |c 1998 | |
| 300 | |a 57 s. | ||
| 490 | 1 | |a Policy paper |v B98-03 | |
| 830 | 0 | |a Policy paper |v B98-03 | |
| 610 | 2 | 0 | |a banky |
| 610 | 2 | 0 | |a banky centrálne |
| 610 | 2 | 0 | |a financie |
| 610 | 2 | 0 | |a politika finančná |
| 100 | 1 | |a Hagen, Jürgen von | |
| 700 | 1 | |a Fender, Ingo | |